000
00222nam a22000977a 4500
008
140108t xxu||||| |||| 00| 0 eng d
100
_a
Sheema Majeed
_9
579
245
_a
Intekhab Dewan e Jigar
300
_a
300
942
_2
ddc
_c
BK
999
_c
16848
_d
16848